| 000 | 00963cam a22003015a 4500 | ||
|---|---|---|---|
| 001 | 011945087 | ||
| 003 | EG-ScBUE | ||
| 005 | 20220417124751.0 | ||
| 008 | 980817s2014 enk f bd 000 0 eng d | ||
| 020 | _a9780194372138 (pbk) | ||
| 040 |
_aStDuBDS _beng _erda _cEG-ScBUE _dUk _dEG-ScBUE _dEG-ScBUE |
||
| 082 | 0 | 4 |
_a401.9 _bSCO _222 |
| 100 | 1 |
_aScovel, Thomas, _d1939- _eauthor. _939800 |
|
| 245 | 1 | 0 |
_aPsycholinguistics / _cThomas Scovel. |
| 264 | 1 |
_aOxford : _bOxford University Press, _c2014. |
|
| 300 |
_axiii, 135 pages ; _c20 cm. |
||
| 336 |
_2rdacontent _atext _btxt |
||
| 337 |
_2rdamedia _aunmediated _bn |
||
| 338 |
_2rdacarrier _avolume _bnc |
||
| 490 | 0 | _aOxford introductions to language study | |
| 500 | _aIncludes glossary. | ||
| 504 | _aIncludes bibliographical references. | ||
| 650 | 7 |
_aPsycholinguistics. _2BUEsh _98626 |
|
| 651 | _2BUEsh | ||
| 653 |
_cApril2016 _cAugust2017 _bHHUUEENN |
||
| 655 |
_vReading book _934232 |
||
| 942 |
_2ddc _cBB |
||
| 999 |
_c21605 _d21577 |
||